Lepanto : la batalla, la galera 'Real' : recuerdos, reliquias y trofeos / por José Ma Martínez-Hidalgo y Terán... la batalla, la galera 'Real' :
Descripción Física:
191 p. : il. ; 27 cm
Otros Autores:
Museu Marítim (Barcelona)
MARC
| LEADER | 00000nam a2200000Ia 4500 | ||
|---|---|---|---|
| 001 | 1707 | ||
| 008 | 160829s1971 xx 000 0 cat d | ||
| 080 | |a H-1-286 | ||
| 100 | |a Martínez-Hidalgo, José María, |d 1913-2005 |9 22649 | ||
| 245 | |a Lepanto : |b la batalla, la galera 'Real' : |b recuerdos, reliquias y trofeos / por José Ma Martínez-Hidalgo y Terán... | ||
| 260 | |a Barcelona : |b Diputación Provincial de Barcelona, |c 1971 | ||
| 300 | |a 191 p. : |b il. ; |c 27 cm | ||
| 590 | |a A la portada: Museo Marítimo. | ||
| 590 | |a Bibliografia | ||
| 650 | 0 | |a Lepant, Batalla de, 1571 |9 31773 | |
| 650 | |a Cartografia |x Bibliografia |9 32291 | ||
| 650 | |a Navegació |x Bibliografia |9 32292 | ||
| 700 | |a Museu Marítim (Barcelona) | ||
| 901 | |a Arxiu | ||
| 942 | |n 1 | ||
| 952 | |0 0 |1 0 |4 0 |6 H1286 |7 1 |9 45934 |a Arxiu |b Arxiu |d 2016-12-01 |l 0 |o H-1-286 |p 1707 |r 2016-12-01 00:00:00 |w 2016-12-01 |y ARXIU | ||
| 999 | |c 49435 |d 49435 | ||